| 000 | 005370000a22001690004500 | ||
|---|---|---|---|
| 003 | MACL | ||
| 005 | 20160601162928.0 | ||
| 008 | 160601b xxu||||| |||| 00| 0 eng d | ||
| 040 |
_aMACL _cMACL |
||
| 041 | _aHindi | ||
| 082 | _a910 BHA | ||
| 100 |
_aभटट, प्रेमलाल _961478 |
||
| 245 |
_aतपोवन से स्वर्गारोहण _cप्रेमलाल भटट |
||
| 260 |
_bकला प्रकाशन _c2000 _aनई दिल्ली |
||
| 350 | _a200 | ||
| 942 |
_cHIN _k910 _2ddc |
||
| 999 |
_c10490 _d10490 |
||